On measures of noncompactness and ideal variations in Banach speces /

Uloženo v:
Podrobná bibliografie
Hlavní autor: Astala, Kari (Autor)
Médium: Kniha
Jazyk:čeština
Vydáno: Helsinki : Suomalainen Tiedeakademia, 1980
Edice:rz1
On-line přístup: Získat plný text
Tagy: Přidat tag
Žádné tagy, Buďte první, kdo vytvoří štítek k tomuto záznamu!

MARC

LEADER 00000cam a2200000 4500
003 SK-BrCVT
005 20220618084255.0
008 091028s1980 cs e ||||||cze d
035 |a CVTIDWR031710 
040 |a    |b slo  |c    |d   
041 0 |a cze 
044 |a cs 
100 |a Astala, Kari  |4 aut 
245 1 0 |a On measures of noncompactness and ideal variations in Banach speces /  |c Kari Astala 
260 3 |a Helsinki :  |b Suomalainen Tiedeakademia,  |c 1980 
300 |a 42 s. 
830 |a rz1 
974 |f Knihy 
999 |c 206075  |d 206075